00735nai a2200193Ia 4500003000900000008004100009022002200050022002300072040001600095245005200111260008600163310001100249362002800260521006900288650002000357650004700377650002400424856009300448IN-BaIIA211028c9999 xx s 000 0 eng d a0096-2015 (Print) a2374-9814 (Online) cIIA Library 0aIRE Transactions on Nuclear Scienceh[eJournal] aNew York, USAbThe Institute of Electrical and Electronics Engineers, Inc. (IEEE) a5/year a2(1); 1955 - 9(5); 1962 bSubscribed through National Knowledge Resource Consortium (NKRC) a Bioengineering a Components, Circuits, Devices and Systems aNuclear Engineering uhttps://ieeexplore.ieee.org/servlet/opac?punumber=4315440yClick Here to Access eJournal